| 000 | 00434nam a2200157Ia 4500 | ||
|---|---|---|---|
| 005 | 20241223150218.0 | ||
| 008 | 231217s9999 xx 000 0 und d | ||
| 020 | _a8120316185 | ||
| 082 | _a621.367 CHA;1 R | ||
| 100 | _aChanda, Bhabatash Majumder, Dwijesh Dutta | ||
| 245 | 0 | _aDigital image processing and analysis | |
| 260 |
_c2000 _bPHI _aNew Delhi |
||
| 300 | _axvii+365 | ||
| 650 | _aDigital,image,processing | ||
| 942 | _cAA | ||
| 999 |
_c172178 _d172178 |
||